[Event "NED-ch 2018"]
[Site "Amsterdam"]
[Date "2018.07.08"]
[Round "5"]
[White "Van Wely, Loek"]
[Black "Van Foreest, Jorden"]
[Result "1/2-1/2"]
[WhiteElo "2674"]
[BlackElo "2640"]
[Annotator "TA"]
[PlyCount "80"]
[EventDate "2018.07.02"]
[EventType "tourn"]
[EventCountry "NED"]
[SourceTitle "playchess.com"]
[Source "ChessBase"]
[SourceQuality "1"]

{[%evp 13,80,17,7,15,19,19,19,24,18,21,26,14,23,22,23,0,0,0,0,0,0,0,67,29,68,0,0,0,0,0,0,0,0,0,0,0,0,0,0,0,0,0,0,0,0,0,0,0,0,0,0,0,0,0,0,0,0,0,0,0,0,0,0,0,0,0,0,0,0]} 1. d4 d5 2. c4 dxc4 3. e4 e5 4. Nf3 {[%cal Bg1f3,Bf3d4,Bd4b5][%mdl 32]} Bb4+ 5. Nc3 Nf6 6. Bxc4 {D20: Queen's Gambit Accepted: 3 e3 and 3 e4} exd4 7. Nxd4 O-O {LiveBook: 3 Games} 8. O-O Bxc3 9. bxc3 {Threatens to win with Ba3.} Nxe4 10. Ba3 $146 ({Predecessor:} 10. Qf3 Nd6 11. Bb3 Nd7 12. Re1 Qh4 {0-1 (67) Krasenkow,M (2671)-Van Foreest,J (2629) Wijk aan Zee 2018}) 10... Nd6 11. Nb5 {[%cal Rb5d6]} Nxc4 12. Bxf8 Qxf8 13. Nxc7 Nb6 $1 ({But not} 13... Nb2 $2 14. Qe2 $18) 14. Rb1 Na6 $1 {[%cal Ra6c7]} 15. Nxa8 Nxa8 16. Qd4 Nc5 17. Rfd1 Nb6 ({Better is} 17... Nc7 $1 $11) 18. Qf4 Be6 19. Rxb6 (19. Qc7 $1 $14 Nd5 20. Qa5) 19... axb6 $11 {The position is equal.} 20. Qc7 $1 {[#] And now Rd8 would win.} Nd7 $1 {[%mdl 512]} 21. Rxd7 Bxd7 22. Qxd7 {[%mdl 4096] Endgame KQ-KQ} g6 23. a4 Qa3 24. Qd8+ Kg7 25. Qd4+ Kg8 26. Qd8+ Kg7 27. Qd4+ Kg8 {[#] ( -> ...Qc1+)} 28. g4 (28. h3 {is interesting.} h5 29. Kf1 Qa2 30. h4 Qb3 31. Ke2) 28... h5 29. h3 hxg4 30. hxg4 Qb3 31. Kg2 b5 32. axb5 Qxb5 33. Kf3 Qc6+ 34. Ke3 f6 35. c4 Kf7 36. c5 Qe6+ 37. Qe4 Qb3+ 38. Qd3 Qe6+ 39. Qe4 Qb3+ 40. Qd3 Qe6+ {Precision: White = 70%, Black = 88%.} 1/2-1/2

[Event "NED-ch 2018"]
[Site "Amsterdam"]
[Date "2018.07.07"]
[Round "5"]
[White "L'Ami, Erwin"]
[Black "Leenhouts, Koen"]
[Result "1-0"]
[WhiteElo "2636"]
[BlackElo "2483"]
[Annotator "ChessBase"]
[PlyCount "109"]
[EventDate "2018.07.02"]
[EventType "tourn"]
[EventCountry "NED"]
[SourceTitle "playchess.com"]
[Source "ChessBase"]
[SourceQuality "1"]
[TimeControl "40/5400+30:1800+30"]

1. e4 {[%emt 0:00:00]} c5 {[%emt 0:00:00]} 2. Nf3 {[%emt 0:00:03]} e6 {[%emt 0:00:00]} 3. d4 {[%emt 0:00:07]} cxd4 {[%emt 0:00:04]} 4. Nxd4 {[%emt 0:00:06]} Nc6 {[%emt 0:00:10]} 5. Nc3 {[%emt 0:00:20]} Qc7 {[%emt 0:00:13]} 6. Be3 {[%emt 0:00:10]} a6 {[%emt 0:00:09]} 7. Qf3 {[%emt 0:00:08]} Bd6 {[%emt 0:00:13]} 8. O-O-O {[%emt 0:00:59]} Be5 {[%emt 0:00:12]} 9. Nxc6 {[%emt 0:00:20]} bxc6 {[%emt 0:07:03]} 10. Bd4 {[%emt 0:00:20]} Nf6 {[%emt 0:07:02]} 11. Bxe5 {[%emt 0:01:41]} Qxe5 {[%emt 0:00:10]} 12. Be2 {[%emt 0:01:00]} O-O {[%emt 0:06:44]} 13. Qg3 {[%emt 0:12:07]} Qxg3 {[%emt 0:07:48]} 14. hxg3 {[%emt 0:00:20]} d5 {[%emt 0:00:30]} 15. Bd3 {[%emt 0:06:58]} h6 {[%emt 0:01:34]} 16. Rhe1 {[%emt 0:07:08]} a5 {[%emt 0:02:58]} 17. Na4 {[%emt 0:04:21]} Nd7 {[%emt 0:09:45]} 18. c4 {[%emt 0:08:08]} d4 {[%emt 0:09:07]} 19. e5 {[%emt 0:01:42]} c5 {[%emt 0:00:32]} 20. Be4 {[%emt 0:01:22]} Ra7 {[%emt 0:07:07]} 21. Bc6 {[%emt 0:05:10]} Nb8 {[%emt 0:02:24]} 22. Bb5 {[%emt 0:01:13]} Bd7 {[%emt 0:02:15]} 23. Re2 {[%emt 0:02:23]} Rc7 {[%emt 0:06:54]} 24. b3 {[%emt 0:02:37]} Bc6 {[%emt 0:03:48]} 25. f3 {[%emt 0:02:13]} Nd7 {[%emt 0:07:41]} 26. Nb2 {[%emt 0:01:25]} Bxb5 {[%emt 0:05:18]} 27. cxb5 {[%emt 0:00:19]} Nb6 {[%emt 0:00:03]} 28. a4 {[%emt 0:05:12]} f6 {[%emt 0:08:02]} 29. exf6 {[%emt 0:02:58]} Rxf6 {[%emt 0:00:27]} 30. g4 {[%emt 0:03:10]} Kh7 {[%emt 0:04:46]} 31. Rde1 {[%emt 0:03:09]} c4 {[%emt 0:00:23]} 32. bxc4 {[%emt 0:02:27]} Nxa4 {[%emt 0:00:04]} 33. Rc2 {[%emt 0:03:53]} Nc3 {[%emt 0:00:16]} 34. Kd2 {[%emt 0:01:42]} h5 {[%emt 0:01:16]} 35. Rh1 {[%emt 0:03:14]} g6 {[%emt 0:00:02]} 36. Rxc3 {[%emt 0:03:13]} dxc3+ {[%emt 0:00:02]} 37. Kxc3 {[%emt 0:00:10]} Kg8 {[%emt 0:00:39]} 38. gxh5 {[%emt 0:01:53]} Rf5 {[%emt 0:00:19]} 39. Kb3 {[%emt 0:00:29]} gxh5 {[%emt 0:01:00]} 40. Nd3 {[%emt 0:07:10]} Rd7 {[%emt 0:02:23]} 41. Kc3 {[%emt 0:32:56]} Rg5 {[%emt 0:04:57]} 42. b6 {[%emt 0:00:00]} Rxg2 {[%emt 0:11:35]} 43. Rb1 {[%emt 0:00:00]} Rgg7 {[%emt 0:03:03]} 44. c5 {[%emt 0:00:00]} h4 {[%emt 0:00:59]} 45. c6 {[%emt 0:00:00]} Rd8 {[%emt 0:00:24]} 46. b7 {[%emt 0:00:00]} Rb8 {[%emt 0:00:18]} 47. Kc4 {[%emt 0:00:00]} h3 {[%emt 0:01:56]} 48. Nc5 {[%emt 0:00:00]} a4 {[%emt 0:03:55]} 49. Rh1 {[%emt 0:00:00]} Rh7 {[%emt 0:00:36]} 50. Kb5 {[%emt 0:00:00]} a3 {[%emt 0:00:54]} 51. Kb6 {[%emt 0:00:00]} Rh4 {[%emt 0:04:35]} 52. c7 {[%emt 0:00:26]} Rb4+ {[%emt 0:00:07]} 53. Kc6 {[%emt 0:00:08]} R4xb7 {[%emt 0:00:13]} 54. Nxb7 {[%emt 0:00:09]} Ra8 {[%emt 0:00:09]} 55. Rxh3 {[%emt 0:00:49]} 1-0

[Event "NED-ch 2018"]
[Site "Amsterdam"]
[Date "2018.07.08"]
[Round "5"]
[White "L'Ami, Erwin"]
[Black "Leenhouts, Koen"]
[Result "1-0"]
[WhiteElo "2636"]
[BlackElo "2483"]
[Annotator "TA"]
[PlyCount "109"]
[EventDate "2018.07.02"]
[EventType "tourn"]
[EventCountry "NED"]
[SourceTitle "playchess.com"]
[Source "ChessBase"]
[SourceQuality "1"]

{[%evp 20,109,25,27,23,37,24,30,16,23,27,0,0,0,0,0,18,0,0,0,0,0,0,0,0,0,17,1,12,10,14,14,14,0,110,119,116,115,188,187,181,160,328,335,335,249,239,244,291,277,262,206,245,214,196,204,181,162,166,150,115,28,162,166,159,159,476,483,602,609,1578,1468,1090,550,12838,1141,1263,1116,2171,1077,1872,1715,5385,4384,12842,12843,12843,12843,12844,12844,12845,12845]} 1. e4 c5 2. Nf3 e6 3. d4 cxd4 4. Nxd4 Nc6 5. Nc3 Qc7 6. Be3 a6 7. Qf3 {B48: Sicilian: Taimanov: 5 Nc3 Qc7 6 Be3 a6 without Be2} Bd6 (7... Nf6 8. O-O-O Ne5 9. Qg3 b5 10. a3 Bb7 11. Bxb5 Rc8 12. Ba4 Nxe4 13. Nxe4 Bxe4 14. Bf4 Qc4 15. Bxe5 Qxa4 {1-0 (38) Vachier Lagrave,M (2789)-Anand,V (2776) Karlsruhe/Baden-Baden 2018}) 8. O-O-O Be5 9. Nxc6 bxc6 10. Bd4 Nf6 11. Bxe5 {LiveBook: 15 Games} Qxe5 12. Be2 O-O 13. Qg3 $146 ({Predecessor:} 13. Qe3 Qa5 14. g4 d5 {½-½ (23) Batricevic,S (2239)-Andrejic,V (2195) Cetinje 2012}) 13... Qxg3 14. hxg3 d5 15. Bd3 {e5 is the strong threat.} h6 16. Rhe1 a5 17. Na4 Nd7 18. c4 d4 19. e5 c5 $1 20. Be4 Ra7 21. Bc6 Nb8 22. Bb5 $36 {[%mdl 2048] White is more active.} Bd7 23. Re2 (23. Nxc5 $2 Bxb5 24. b3 (24. cxb5 $2 Rc7 $19) 24... Bc6 $19) 23... Rc7 24. b3 Bc6 25. f3 Nd7 26. Nb2 Bxb5 (26... h5 $11) 27. cxb5 $16 Nb6 28. a4 f6 (28... Rd8 $16 {was worth a try.}) 29. exf6 $18 Rxf6 30. g4 Kh7 $2 (30... Kf8 $16 31. Rc2 Rff7) 31. Rde1 c4 32. bxc4 (32. Rxe6 cxb3+ 33. Kb1 Nd5 $15) 32... Nxa4 33. Rc2 $1 ({Don't do} 33. Nxa4 $6 Rxc4+ 34. Kd2 Rxa4 $16) ({Stronger than} 33. Rxe6 Nxb2 34. Kxb2 Rxe6 $11) 33... Nc3 34. Kd2 h5 35. Rh1 g6 36. Rxc3 dxc3+ 37. Kxc3 {[%mdl 4096] Endgame KRR-KRN} Kg8 38. gxh5 Rf5 39. Kb3 $1 ({Inferior is} 39. hxg6 Rxb5 40. f4 Rbb7 $11) 39... gxh5 40. Nd3 ({Better is} 40. b6 $16 Rc8 41. Nd3) 40... Rd7 (40... Kf8 $1 $11 {and Black is okay.}) 41. Kc3 Rg5 {[#]} 42. b6 $1 {[%cal Bb5b6,Bb6b7][%mdl 32] aiming for Rb1.} Rxg2 $2 (42... Kf7 $16) 43. Rb1 {White is clearly winning.} Rgg7 44. c5 {[%cal Bc4c5,Bc5c6][%mdl 32]} h4 45. c6 Rd8 46. b7 Rb8 {[#]} 47. Kc4 (47. Rg1 $142 $1 {[%mdl 512]} Rbxb7 (47... Rxg1 48. c7) 48. cxb7 Rxg1 49. b8=Q+ Kh7 50. Qh2) 47... h3 48. Nc5 a4 49. Rh1 (49. Na6 $142 Rf8 50. b8=Q Rxb8 51. Rxb8+ Kh7 52. c7 Rxc7+ 53. Nxc7) 49... Rh7 50. Kb5 a3 51. Kb6 Rh4 52. c7 Rb4+ 53. Kc6 R4xb7 54. Nxb7 Ra8 55. Rxh3 {Precision: White = 70%, Black = 40%.} 1-0

[Event "NED-ch 2018"]
[Site "Amsterdam"]
[Date "2018.07.09"]
[Round "5"]
[White "L'Ami, Erwin"]
[Black "Leenhouts, Koen"]
[Result "1-0"]
[WhiteElo "2636"]
[BlackElo "2483"]
[Annotator "TA"]
[PlyCount "109"]
[EventDate "2018.07.02"]
[EventType "tourn"]
[EventCountry "NED"]
[SourceTitle "playchess.com"]
[Source "ChessBase"]
[SourceQuality "1"]

{[%evp 20,109,27,25,23,22,21,14,31,36,22,0,0,0,0,0,11,0,8,8,8,6,4,12,14,0,6,11,8,4,8,12,12,12,86,110,139,126,179,164,176,165,339,329,341,268,217,249,293,300,308,219,237,206,207,187,163,158,162,173,147,54,174,155,160,153,489,432,664,661,1249,1223,831,557,12839,1290,1261,1225,1574,1016,2593,1631,12841,11191,12842,12843,12843,12843,12844,12844,12845,12845]} 1. e4 c5 2. Nf3 e6 3. d4 cxd4 4. Nxd4 Nc6 5. Nc3 Qc7 6. Be3 a6 7. Qf3 {B48: Sicilian: Taimanov: 5 Nc3 Qc7 6 Be3 a6 without Be2} Bd6 (7... Nf6 8. O-O-O Ne5 9. Qg3 b5 10. a3 Bb7 11. Bxb5 Rc8 12. Ba4 Nxe4 13. Nxe4 Bxe4 14. Bf4 Qc4 15. Bxe5 Qxa4 {1-0 (38) Vachier Lagrave,M (2789)-Anand,V (2776) Karlsruhe/Baden-Baden 2018}) 8. O-O-O Be5 9. Nxc6 bxc6 10. Bd4 Nf6 11. Bxe5 {LiveBook: 15 Games} Qxe5 12. Be2 O-O 13. Qg3 $146 ({Predecessor:} 13. Qe3 Qa5 14. g4 d5 {½-½ (23) Batricevic,S (2239)-Andrejic,V (2195) Cetinje 2012}) 13... Qxg3 14. hxg3 d5 15. Bd3 {And now e5 would win.} h6 16. Rhe1 a5 17. Na4 Nd7 18. c4 d4 19. e5 {Threatening c5.} c5 $1 20. Be4 Ra7 21. Bc6 Nb8 22. Bb5 $36 {[%mdl 2048] White is more active.} Bd7 23. Re2 (23. Nxc5 $2 Bxb5 24. b3 (24. cxb5 $2 Rc7 $19) 24... Bc6 $19) 23... Rc7 24. b3 Bc6 25. f3 Nd7 26. Nb2 Bxb5 (26... g6 $11 {keeps the balance.}) 27. cxb5 $16 Nb6 28. a4 f6 (28... Nd5 $16 {might work better.}) 29. exf6 $18 Rxf6 30. g4 Kh7 $2 (30... Kf8 {is a better defense.} 31. Rc2 Rff7) 31. Rde1 c4 32. bxc4 (32. Rxe6 cxb3+ 33. Kb1 Nd5 $15) 32... Nxa4 33. Rc2 $1 ({Much less strong is} 33. Nxa4 $6 Rxc4+ 34. Kd2 Rxa4 $14) (33. Rxe6 Nxb2 34. Kxb2 Rxe6 $11) 33... Nc3 34. Kd2 h5 35. Rh1 g6 36. Rxc3 dxc3+ 37. Kxc3 {[%mdl 4096] Endgame KRR-KRN} Kg8 38. gxh5 Rf5 39. Kb3 $1 ({Don't play} 39. hxg6 $6 Rxb5 40. f4 Rb8 $11) 39... gxh5 40. Nd3 (40. b6 $1 $16 {[%cal Rb6c7]} Rc8 41. Nd3) 40... Rd7 ({Black should play} 40... Kf8 $1 $14) 41. Kc3 Rg5 {[#]} 42. b6 $1 {[%cal Bb5b6,Bb6b7][%mdl 32] Black must now prevent Rb1.} Rxg2 $2 (42... Rd8 $16 {is more resistant.}) 43. Rb1 {White is clearly winning.} Rgg7 (43... Rd8 $142 44. c5 (44. b7 Rb8 $18) 44... Rg5) 44. c5 {[%cal Bc4c5,Bc5c6][%mdl 32]} h4 45. c6 Rd8 46. b7 Rb8 {[#]} 47. Kc4 (47. Rg1 $142 $1 {[%mdl 512]} Rxg1 48. c7) 47... h3 48. Nc5 a4 49. Rh1 Rh7 50. Kb5 a3 51. Kb6 Rh4 52. c7 Rb4+ 53. Kc6 R4xb7 54. Nxb7 Ra8 55. Rxh3 {Precision: White = 78%, Black = 36%.} 1-0

[Event "NED-ch 2018"]
[Site "Amsterdam"]
[Date "2018.07.07"]
[Round "5"]
[White "Van den Doel, Erik"]
[Black "Tiviakov, Sergei"]
[Result "1/2-1/2"]
[WhiteElo "2593"]
[BlackElo "2583"]
[Annotator "ChessBase"]
[PlyCount "79"]
[EventDate "2018.07.02"]
[EventType "tourn"]
[EventCountry "NED"]
[SourceTitle "playchess.com"]
[Source "ChessBase"]
[SourceQuality "1"]
[TimeControl "40/5400+30:1800+30"]

1. d4 {[%emt 0:00:00]} Nf6 {[%emt 0:00:00]} 2. Bf4 {[%emt 0:00:00]} b6 {[%emt 0:02:14]} 3. e3 {[%emt 0:02:53]} Bb7 {[%emt 0:00:06]} 4. Nf3 {[%emt 0:00:04]} g6 {[%emt 0:01:17]} 5. h3 {[%emt 0:04:19]} Bg7 {[%emt 0:00:21]} 6. Be2 {[%emt 0:00:21]} d6 {[%emt 0:00:18]} 7. O-O {[%emt 0:00:25]} O-O {[%emt 0:00:06]} 8. c4 {[%emt 0:01:07]} Nbd7 {[%emt 0:01:17]} 9. Nc3 {[%emt 0:00:19]} Ne4 {[%emt 0:01:53]} 10. Nxe4 {[%emt 0:01:01]} Bxe4 {[%emt 0:00:03]} 11. Nd2 {[%emt 0:00:12]} Bb7 {[%emt 0:00:14]} 12. Bf3 {[%emt 0:00:12]} Bxf3 {[%emt 0:06:30]} 13. Nxf3 {[%emt 0:00:36]} c5 {[%emt 0:06:26]} 14. Qd3 {[%emt 0:10:51]} Qc7 {[%emt 0:00:43]} 15. Rac1 {[%emt 0:07:46]} a6 {[%emt 0:00:59]} 16. a4 {[%emt 0:03:27]} Qb7 {[%emt 0:08:01]} 17. Rfd1 {[%emt 0:13:00]} b5 {[%emt 0:29:00]} 18. cxb5 {[%emt 0:27:29]} cxd4 {[%emt 0:02:26]} 19. exd4 {[%emt 0:13:12]} axb5 {[%emt 0:00:13]} 20. axb5 {[%emt 0:00:45]} Ra5 {[%emt 0:03:42]} 21. Re1 {[%emt 0:00:38]} Bf6 {[%emt 0:05:03]} 22. Bg5 {[%emt 0:01:07]} Re8 {[%emt 0:00:25]} 23. h4 {[%emt 0:03:48]} Rxb5 {[%emt 0:01:17]} 24. Rc7 {[%emt 0:00:24]} Qxc7 {[%emt 0:00:07]} 25. Qxb5 {[%emt 0:00:03]} Rb8 {[%emt 0:00:11]} 26. Qe2 {[%emt 0:00:21]} e6 {[%emt 0:01:17]} 27. Qd2 {[%emt 0:01:27]} Qb6 {[%emt 0:05:37]} 28. Rc1 {[%emt 0:01:59]} Bg7 {[%emt 0:00:44]} 29. d5 {[%emt 0:00:37]} exd5 {[%emt 0:03:42]} 30. Qxd5 {[%emt 0:00:08]} Ne5 {[%emt 0:00:32]} 31. b3 {[%emt 0:04:21]} Ng4 {[%emt 0:01:56]} 32. Qd2 {[%emt 0:00:05]} h5 {[%emt 0:01:18]} 33. Bf4 {[%emt 0:00:04]} Re8 {[%emt 0:02:59]} 34. Bxd6 {[%emt 0:02:33]} Qxb3 {[%emt 0:00:17]} 35. Bf4 {[%emt 0:00:26]} Ra8 {[%emt 0:04:30]} 36. Qc2 {[%emt 0:00:08]} Qb4 {[%emt 0:01:34]} 37. Bg3 {[%emt 0:00:21]} Bf6 {[%emt 0:01:16]} 38. Rb1 {[%emt 0:00:39]} Qa4 {[%emt 0:00:45]} 39. Qxa4 {[%emt 0:00:36]} Rxa4 {[%emt 0:00:02]} 40. Bc7 {[%emt 0:00:17]} 1/2-1/2

[Event "NED-ch 2018"]
[Site "Amsterdam"]
[Date "2018.07.08"]
[Round "5"]
[White "Van den Doel, Erik"]
[Black "Tiviakov, Sergei"]
[Result "1/2-1/2"]
[WhiteElo "2593"]
[BlackElo "2583"]
[Annotator "TA"]
[PlyCount "79"]
[EventDate "2018.07.02"]
[EventType "tourn"]
[EventCountry "NED"]
[SourceTitle "playchess.com"]
[Source "ChessBase"]
[SourceQuality "1"]

{[%evp 25,79,0,8,0,12,0,14,-15,-15,-15,-14,-16,-8,-12,-19,-46,-24,-22,-31,-30,-37,-28,-32,-36,-39,-38,-29,-38,-25,-33,-12,-21,-10,-20,-10,-9,-7,-7,-12,-34,-21,-36,-16,-255,0,-4,-4,-7,0,-12,-16,-18,0,0,0,0]} 1. d4 Nf6 2. Bf4 b6 3. e3 Bb7 4. Nf3 g6 5. h3 Bg7 6. Be2 d6 7. O-O O-O 8. c4 Nbd7 9. Nc3 Ne4 10. Nxe4 Bxe4 11. Nd2 {E61: King's Indian: Early deviations for White, including Smyslov System} (11. Bh2 c5 12. Rc1 Qc7 13. b3 Qb7 14. d5 Bxf3 15. Bxf3 b5 16. cxb5 a6 17. bxa6 Rxa6 18. Qc2 Ra3 {0-1 (49) Gelashvili,T (2575)-Can,E (2565) Baku 2016}) 11... Bb7 12. Bf3 Bxf3 13. Nxf3 c5 {LiveBook: 3 Games} 14. Qd3 $146 ({Predecessor:} 14. Qd2 e5 15. Bg5 Qe8 16. Rfe1 h6 17. Bh4 e4 18. Nh2 cxd4 19. exd4 {0-1 (35) Jaunooby,A (2168)-McPhillips,J (2395) Bolton 2017}) 14... Qc7 15. Rac1 a6 16. a4 Qb7 {Threatening ...e5.} 17. Rfd1 b5 18. cxb5 cxd4 19. exd4 axb5 20. axb5 Ra5 21. Re1 Bf6 22. Bg5 Re8 23. h4 Rxb5 24. Rc7 Qxc7 25. Qxb5 Rb8 26. Qe2 e6 27. Qd2 Qb6 28. Rc1 Bg7 29. d5 exd5 30. Qxd5 Ne5 31. b3 Ng4 32. Qd2 h5 33. Bf4 Re8 34. Bxd6 $2 {[#]} (34. b4 $11 {and White has nothing to worry.}) 34... Qxb3 $2 (34... Bh6 $1 $19 {[%cal Rh6d2]} 35. Ng5 Rd8) 35. Bf4 {The position is equal.} Ra8 36. Qc2 Qb4 37. Bg3 Bf6 38. Rb1 Qa4 39. Qxa4 Rxa4 40. Bc7 {Precision: White = 31%, Black = 52%.} 1/2-1/2

[Event "NED-ch 2018"]
[Site "Amsterdam"]
[Date "2018.07.07"]
[Round "5"]
[White "Ernst, Sipke"]
[Black "Sokolov, Ivan"]
[Result "0-1"]
[WhiteElo "2546"]
[BlackElo "2565"]
[Annotator "TA"]
[PlyCount "108"]
[EventDate "2018.07.02"]
[EventType "tourn"]
[EventCountry "NED"]
[SourceTitle "playchess.com"]
[Source "ChessBase"]
[SourceQuality "1"]

{[%evp 16,108,-25,-25,-25,-21,-41,-28,-39,-54,-55,-41,-66,-53,-39,-90,-110,-110,-96,-89,-72,-197,-195,-192,-195,-191,-190,-197,-197,-206,-200,-181,-186,-200,-133,-146,-134,-142,-122,-133,-122,-131,-120,-128,-60,-49,-59,-49,-45,-49,-41,-54,-79,-253,-237,-252,-248,-245,-241,-372,-372,-369,-368,-347,-337,-694,-546,-5346,-4833,-7303,-5410,-29969,-29970,-29975,-29976,-29976,-29966,-29964,-29966,-2919,0,-29974,-29975,-29974,-29976,-29976,-29977,-29974,-902,-29978,-29979,-29979,-29979,-29978,-29978]} 1. Nf3 d5 2. c4 c6 3. g3 g6 4. Bg2 Bg7 5. O-O Nf6 6. d3 O-O 7. Nc3 dxc4 8. dxc4 Qxd1 9. Rxd1 Be6 {A16: English Opening: 1...Nf6 with ...d5} 10. b3 Ne4 $1 {[%cal Re4c3]} 11. Nxe4 {Threatens to win with Rb1.} Bxa1 {Black has an edge.} 12. Ba3 Bf5 $146 ({Predecessor:} 12... Bg7 13. Bxe7 Re8 14. Bf6 Na6 15. Nd4 Red8 16. Bxg7 Kxg7 17. Nxe6+ fxe6 {0-1 (34) Kelemen,I (2192)-Balogh,S (2209) Hungary 2002}) 13. Nc5 Bf6 14. Nxb7 a5 {[%cal Ba7a5,Ba5a4][%mdl 32]} 15. h3 ({White should play} 15. Ne1 $15) 15... a4 $36 {[%mdl 2048] Black has strong initiative.} 16. b4 Ra7 $1 {[%cal Ra7b7]} 17. Nc5 Nd7 {...Nxc5 is the strong threat.} 18. e4 (18. Nd3 $17) 18... Nxc5 $19 19. exf5 Rd7 20. Rxd7 Nxd7 21. fxg6 hxg6 22. Nd2 Rd8 $1 {aiming for ...Ne5.} 23. Kf1 Ne5 24. Ke2 Rd3 25. Nb1 Rd4 26. c5 Rc4 {And now ...Rc2+ would win.} 27. Kd2 g5 28. Bf1 Rd4+ 29. Kc2 g4 (29... Nf3 $1 $17 30. b5 cxb5 31. Bxb5 Ne1+ 32. Kc1 Nd3+ 33. Bxd3 Rxd3) 30. hxg4 $15 Nxg4 31. b5 Nxf2 {Strongly threatening ...Ng4.} 32. Bb2 $1 {[%cal Rb2d4]} Rd8 $1 {Hoping for ...cxb5.} 33. Bxf6 exf6 34. bxc6 $2 {[%mdl 4096] Endgame KRN-KBN} (34. Nc3 $17 {is the only way for White.} Ng4 35. Kc1) 34... Rd5 $19 35. Bg2 Rxc5+ 36. Kd2 {[#] Threatening Nc3.} f5 $1 37. Nc3 {[#]} (37. Ke3 {was called for.} Ne4 38. g4) 37... Ne4+ $1 38. Nxe4 fxe4 39. Bxe4 {KR-KB} Kf8 40. a3 $2 (40. g4) 40... Ke7 41. Bc2 Rxc6 42. Bxa4 Rg6 43. Kc3 Rxg3+ 44. Kb4 f5 {[%cal Bf7f5,Bf5f4,Bf4f3,Bf3f2][%mdl 32]} 45. Bb5 Kd6 46. a4 Rg4+ 47. Kc3 Rg3+ $2 (47... Kc5 $19 {White must now prevent ...Re4.} 48. Kd2 Re4) 48. Bd3 $2 {[%mdl 8192]} (48. Kb4 $11 f4 49. Be2) 48... f4 49. a5 f3 50. Kd2 Ke5 51. a6 Kd4 (51... Kf4 $142 52. Bc4 f2 53. Kc2 Rg7 54. Kb2 Ke3 55. Bf1 Rg1 56. Bc4 f1=Q 57. Bxf1 Rxf1 58. a7 Rf8 59. Kc3 Ra8 60. Kc4 Rxa7 61. Kd5 Ra5+ 62. Kd6 Ke4 63. Ke6 Ra6+ 64. Ke7 Kf5 65. Kd7 Kf6 66. Kc8 Ke7 67. Kb7 Rf6 68. Kc7 Rd6 69. Kb8 Kd8 70. Kb7 Kd7 71. Kb8 Kc6 72. Kc8 Kb6 73. Kb8 Rd8#) 52. Bf1 Rg5 {Black mates.} 53. Kc2 Ra5 54. Kb2 f2 {Precision: White = 45%, Black = 82%.} 0-1

[Event "NED-ch 2018"]
[Site "Amsterdam"]
[Date "2018.07.08"]
[Round "5"]
[White "Ernst, Sipke"]
[Black "Sokolov, Ivan"]
[Result "0-1"]
[WhiteElo "2546"]
[BlackElo "2565"]
[Annotator "TA"]
[PlyCount "108"]
[EventDate "2018.07.02"]
[EventType "tourn"]
[EventCountry "NED"]
[SourceTitle "playchess.com"]
[Source "ChessBase"]
[SourceQuality "1"]

{[%evp 16,108,-28,-36,-42,-39,-37,-26,-46,-63,-62,-62,-49,-47,-66,-96,-97,-101,-94,-88,-82,-198,-197,-191,-189,-170,-184,-189,-182,-216,-215,-237,-236,-208,-127,-118,-129,-121,-121,-153,-158,-170,-170,-170,-54,-34,-8,-16,0,-14,-15,-75,-186,-238,-234,-264,-256,-231,-231,-568,-626,-607,-570,-510,-484,-12839,-12837,-12842,-12843,-12850,-12850,-12850,-29968,-12851,-29977,-12851,-29969,-12851,-12851,-12851,-12851,-12851,-29968,-12851,-29964,-12851,-29962,-12851,-12851,-12851,-29979,-12851,-29980,-12851,-29981]} 1. Nf3 d5 2. c4 c6 3. g3 g6 4. Bg2 Bg7 5. O-O Nf6 6. d3 O-O 7. Nc3 dxc4 8. dxc4 Qxd1 9. Rxd1 Be6 {A16: English Opening: 1...Nf6 with ...d5} 10. b3 (10. Nd2 Nfd7 11. Nd5 Na6 12. Nf4 Ndc5 13. Nxe6 Nxe6 14. Rb1 Rfd8 15. b4 Rd7 16. Be4 Rad8 17. Bd3 {1-0 (44) Drazic,S (2511)-Dekic,J (2297) Kac 2012}) 10... Ne4 $1 {[%cal Re4c3]} 11. Nxe4 Bxa1 {Black has an edge.} 12. Ba3 Bf5 $146 ({Predecessor:} 12... Bg7 13. Bxe7 Re8 14. Bf6 Na6 15. Nd4 Red8 16. Bxg7 Kxg7 17. Nxe6+ fxe6 {0-1 (34) Kelemen,I (2192)-Balogh,S (2209) Hungary 2002}) 13. Nc5 Bf6 $1 14. Nxb7 a5 {[%cal Ba7a5,Ba5a4][%mdl 32]} 15. h3 a4 16. b4 Ra7 17. Nc5 Nd7 18. e4 (18. Nd3 $17) 18... Nxc5 $19 19. exf5 Rd7 20. Rxd7 Nxd7 21. fxg6 hxg6 22. Nd2 Rd8 $1 {White must now prevent ...Ne5.} 23. Kf1 Ne5 24. Ke2 Rd3 25. Nb1 Rd4 26. c5 Rc4 27. Kd2 g5 $1 28. Bf1 Rd4+ 29. Kc2 g4 ({Black should play} 29... Nf3 $1 $19 {And now ...Ne1+ would win.} 30. b5 cxb5 31. Bxb5 Ne1+ 32. Kc1 Nd3+ 33. Bxd3 Rxd3) 30. hxg4 $15 Nxg4 31. b5 $1 Nxf2 32. Bb2 $1 {[%cal Rb2d4]} Rd8 {Hoping for ...cxb5.} 33. Bxf6 exf6 34. bxc6 $11 {[%mdl 4096] Endgame KRN-KBN} (34. Nc3 $142 Ng4 35. Be2 Ne3+ 36. Kc1) 34... Rd5 $19 35. Bg2 Rxc5+ 36. Kd2 {[#]} f5 $1 {Strongly threatening ...Ne4+.} 37. Nc3 $2 {[#]} (37. g4 {is a better chance.}) 37... Ne4+ $1 38. Nxe4 fxe4 39. Bxe4 {KR-KB} Kf8 40. a3 (40. g4 $142 Ke7 41. Kd3) 40... Ke7 41. Bc2 Rxc6 42. Bxa4 Rg6 43. Kc3 Rxg3+ 44. Kb4 f5 {[%cal Bf7f5,Bf5f4,Bf4f3,Bf3f2][%mdl 32]} 45. Bb5 Kd6 (45... f4 $19 46. a4 Kd6) 46. a4 Rg4+ 47. Kc3 Rg3+ 48. Bd3 f4 49. a5 f3 50. Kd2 Ke5 (50... f2 $19 51. Bf1 Rf3) 51. a6 Kd4 52. Bf1 Rg5 53. Kc2 Ra5 (53... f2 $19 54. Kd2 Re5) 54. Kb2 f2 {Precision: White = 56%, Black = 80%.} 0-1